Природа и техносфера. Проблемы экологии; Экология и безопасность в техносфере: современные проблемы и пути решения

Dades bibliogràfiques
Parent link:Экология и безопасность в техносфере: современные проблемы и пути решения.— 2017.— [С. 151-153]
Autor principal: Уфимцева А. В.
Altres autors: Боровикова А. В.
Sumari:Заглавие с экрана
В статье представлены материалы по современным проблемам экологической и техногенной безопасности, технологий переработки отходов, информационно-компьютерных технологий в решении задач экологии и БЖД, а так же современных технологий ликвидаций ЧС и технического обеспечения аварийно-спасательных работ, содержатся результаты теоретических исследований и практической реализации научно-исследовательских работ.
The article contains materials on the modern problems of ecological and industrial safety, waste treatment technologies, information and computer technologies in solving environmental and life safety problems, as well as modern technologies for liquidation of emergencies and technical support for rescue operations, contains the results of theoretical research and practical implementation of scientific research.
Idioma:rus
Publicat: 2017
Col·lecció:Экологические основы прогрессивных технологий
Matèries:
Accés en línia:http://earchive.tpu.ru/handle/11683/46779
Format: Electrònic Capítol de llibre
KOHA link:https://koha.lib.tpu.ru/cgi-bin/koha/opac-detail.pl?biblionumber=626278

MARC

LEADER 00000naa2a2200000 4500
001 626278
005 20231101133414.0
035 |a (RuTPU)RU\TPU\conf\25636 
035 |a RU\TPU\conf\25635 
090 |a 626278 
100 |a 20180226d2017 k y0rusy50 ca 
101 0 |a rus  |d eng 
102 |a RU 
105 |a y z 101zy 
135 |a drcn ---uucaa 
181 0 |a i  
182 0 |a b 
200 1 |a Природа и техносфера. Проблемы экологии  |f А. В. Уфимцева, А. В. Боровикова 
203 |a Текст  |c электронный 
225 1 |a Экологические основы прогрессивных технологий 
230 |a 1 компьютерный файл (pdf; 420 Kb) 
300 |a Заглавие с экрана 
320 |a [Библиогр.: с. 153 (6 назв.)] 
330 |a В статье представлены материалы по современным проблемам экологической и техногенной безопасности, технологий переработки отходов, информационно-компьютерных технологий в решении задач экологии и БЖД, а так же современных технологий ликвидаций ЧС и технического обеспечения аварийно-спасательных работ, содержатся результаты теоретических исследований и практической реализации научно-исследовательских работ. 
330 |a The article contains materials on the modern problems of ecological and industrial safety, waste treatment technologies, information and computer technologies in solving environmental and life safety problems, as well as modern technologies for liquidation of emergencies and technical support for rescue operations, contains the results of theoretical research and practical implementation of scientific research. 
463 0 |0 (RuTPU)RU\TPU\conf\25447  |t Экология и безопасность в техносфере: современные проблемы и пути решения  |o сборник трудов Всероссийской научно-практической конференции молодых ученых, аспирантов и студентов, г. Юрга, 23-25 ноября 2017 г.  |f Национальный исследовательский Томский политехнический университет (ТПУ), Юргинский технологический институт (ЮТИ) ; под ред. Д. А. Чинахова [и др.]  |v [С. 151-153]  |d 2017 
610 1 |a электронный ресурс 
610 1 |a экологическая безопасность 
610 1 |a техногенная безопасность 
610 1 |a переработка отходов 
610 1 |a ликвидация 
610 1 |a чрезвычайные ситуации 
610 1 |a аварийно-спасательные работы 
700 1 |a Уфимцева  |b А. В. 
701 1 |a Боровикова  |b А. В. 
801 2 |a RU  |b 63413507  |c 20180312  |g RCR 
856 4 |u http://earchive.tpu.ru/handle/11683/46779 
942 |c BK